| 000 | 01495nam a22002657a 4500 | ||
|---|---|---|---|
| 999 |
_c58439 _d58439 |
||
| 003 | Ge_BSU | ||
| 005 | 20220210121036.0 | ||
| 008 | 220210s2021 ge ||||| |||| 00| 0 geo d | ||
| 020 | _a9789941828768 | ||
| 041 | _ageo | ||
| 080 | _a28-9 ა-88 | ||
| 100 |
_aასლანიძე, აბესალომ _95886 |
||
| 245 |
_aისლამის ისტორია, დოგმატიკა და მსოფლმხედველობა / _cაბესალომ ასლანიძე ; რედაქტორი მურმან გორგოშაძე ; რელიგიათა კვლევის საერთაშორისო სამეცნიერო ცენტრი. |
||
| 250 | _aმეორე, შევსებული და გადამუშავებული გამოცემა | ||
| 264 |
_aბათუმი, _c2021. |
||
| 300 |
_a146 გვ. ; _b20 სმ. |
||
| 504 | _aბიბლიოგრაფია: გვ. 143-145. | ||
| 520 | _aრეზიუმე ინგლისურ ენაზე. | ||
| 653 | _aრელიგია | ||
| 653 | _aისლამი | ||
| 653 | _aფილოსოფია | ||
| 700 |
_aგორგოშაძე, მურმან _eრედაქტორი _913510 |
||
| 710 |
_aრელიგიათა კვლევის საერთაშორისო სამეცნიერო ცენტრი _913511 |
||
| 942 |
_2udc _cBK |
||